000 00762nam a2200277Ia 4500
003 OSt
005 20221006153314.0
006 a|||||r|||| 00| 0
007 ta
008 221006b |||||||| |||| 00| 0 kor d
020 _a9788970650302
_cW 9,500
024 _a31,944
037 _bGift, Korean Embassy
_cTextual
040 _aEASL
_cEASL
_bkor
041 _2kor
_akor
082 _aO495,2, P5
100 _aPARK Yeong-Uk Au.
_9663378
245 0 _aGojeongkwannyeomeul Kkaeneun 8gaji Jilmun
260 _aSeoul
_bHongik Korea
_c2005
300 _a254p.
_ccm.
490 _v KL
650 _a KL
650 _aDrama
_9663379
942 _hO495,2, P5
_cTEXL
_2CC
999 _c1100030
_d1100030